000 00309nam a22001337a 4500
008 170414b xxu||||| |||| 00| 0 eng d
020 _a0944496393
041 _aeng
080 _a612.39
100 _a10
101 _aSHM
245 _aNUTRITIONAL CARE FOR HIGH-RISK NEWBORNS
_cWARGO, S.G
942 _2udc
_cBK
999 _c10802
_d10802